Enfermedades de las cucurbitaceas /
Guardado en:
| Autor Principal: | |
|---|---|
| Formato: | Libro |
| Publicado: |
Madrid :
Mundi-prensa,
1991
|
| Materias: | |
| Etiquetas: |
Agregar Etiqueta
Sin Etiquetas, Sea el primero en etiquetar este registro!
|
| LEADER | 00554nam a22001935a 4500 | ||
|---|---|---|---|
| 001 | CEM.cems016766 | ||
| 005 | 20131030181942.0 | ||
| 008 | 130507s1991##################000#0#####d | ||
| 003 | CEMS | ||
| 020 | |a 8471143550 | ||
| 082 | 0 | 4 | |a 635.6 |
| 100 | 1 | |a Blancard, D | |
| 245 | 1 | 0 | |a Enfermedades de las cucurbitaceas / |c D Blancard, H Lecoq y M Pitrat |
| 260 | |a Madrid : |b Mundi-prensa, |c 1991 | ||
| 300 | |a 300 p. | ||
| 653 | |a Horticultura | ||
| 653 | |a Curcubitáceas-enfermedades | ||
| 653 | |a Hongos | ||
| 859 | |a CEMS |b BIB. CEMS - Agricultura |h 635.6 |i B591 |p A18737.95 |t Ej.1 | ||
